Catálogo
 En Linea

Negociaciones políticas durante la intervención militar de 1965 / (Registro nro. 37168)

Detalles MARC
000 -CABECERA
campo de control de longitud fija 01924nam a2200277 a 4500
001 - NÚMERO DE CONTROL
campo de control 000037678
003 - IDENTIFICADOR DEL NÚMERO DE CONTROL
campo de control OSt
005 - FECHA Y HORA DE LA ÚLTIMA TRANSACCIÓN
campo de control 20240925173455.0
008 - DATOS DE LONGITUD FIJA--INFORMACIÓN GENERAL
campo de control de longitud fija 121115s2012 dr ac 000 0 spa d
020 ## - NÚMERO INTERNACIONAL ESTÁNDAR DEL LIBRO
Número Internacional Estándar del Libro 9789993427193
040 ## - FUENTE DE LA CATALOGACIÓN
Centro catalogador/agencia de origen DO-SdBNP
Lengua de catalogación spa
Centro/agencia transcriptor BNPHU
082 #4 - NÚMERO DE LA CLASIFICACIÓN DECIMAL DEWEY
Número de clasificación 972.93054
Número de documento/Ítem V422n
100 1# - ENTRADA PRINCIPAL--NOMBRE DE PERSONA
Nombre de persona Vega, Bernardo,
Fechas asociadas al nombre 1938 -
9 (RLIN) 3222
245 10 - MENCIÓN DE TÍTULO
Título Negociaciones políticas durante la intervención militar de 1965 /
Mención de responsabilidad, etc. Bernardo Vega.
260 ## - PUBLICACIÓN, DISTRIBUCIÓN, ETC.
Lugar de publicación, distribución, etc. Santo Domingo :
Nombre del editor, distribuidor, etc. Fundación Cultura Dominicana,
Fecha de publicación, distribución, etc. 2012.
300 ## - DESCRIPCIÓN FÍSICA
Extensión 558 p. :
Otras características físicas il., retrs. ;
Dimensiones 26 cm.
500 ## - NOTA GENERAL
Nota general Incluye datos biográficos del autor en la solapa de la cubierta.
504 ## - NOTA DE BIBLIOGRAFÍA, ETC.
Nota de bibliografía, etc. Incluye bibliografía y notas al pie de páginas.
505 0# - NOTA DE CONTENIDO CON FORMATO
Título Antecedentes previos al inicio de las negociaciones --
-- Johnson ordena a Fortas a viajar a San Juan y negociar con Bosch --
-- Guzmán y Bosch negocian en San Juan con Bundy, Vance y Fortas --
-- El primer día de negociaciones en Santo Domingo. Guzmán rehúsa reprimir a los comunistas --
-- El segundo y largo día de negociaciones en Santo Domingo --
-- Los constitucionalistas paran las negociaciones --
-- La influencia de Mann y la muerte de Fernández Domínguez debilitan el acuerdo --
-- La OEA quiere ser la que necocie . Los planes para sacar a Imbert por la fuerza --
-- Optimismo sobre la "Formula Gumán" --
-- Johnson insiste en la salidad de los tres líderes constitucionalistas --
-- Johnson hunde la "Formula Guzmán" --
-- Guzmán no acepta la endurecida posición américana, Mora comienza a opinar --
-- Entre la salida de Bundy y la llegada de Bunker. El papel de Mora -
590 ## - NOTA LOCAL (RLIN)
Nota local Inventariado, 2019/ YL
651 #4 - PUNTO DE ACCESO ADICIONAL DE MATERIA--NOMBRE GEOGRÁFICO
Nombre geográfico República Dominicana --
Subdivisión general Historia --
Subdivisión cronológica 1961-
9 (RLIN) 6572
651 #4 - PUNTO DE ACCESO ADICIONAL DE MATERIA--NOMBRE GEOGRÁFICO
Nombre geográfico Estados Unidos
Subdivisión general Relaciones Exteriores
Subdivisión geográfica República Dominicana
9 (RLIN) 6309
651 #4 - PUNTO DE ACCESO ADICIONAL DE MATERIA--NOMBRE GEOGRÁFICO
Nombre geográfico República Dominicana
Subdivisión general Relaciones exteriores
Subdivisión geográfica Estados Unidos
9 (RLIN) 6308
910 ## - DATOS DE OPCIÓN DEL USUARIO (OCLC)
Datos de opción del usuario Validado. Control de calidad EMS
942 ## - ELEMENTOS DE PUNTO DE ACCESO ADICIONAL (KOHA)
Fuente del sistema de clasificación o colocación Dewey Decimal Classification
Tipo de ítem Koha Libro
Existencias
Estado de retiro Estado de pérdida Restricciones de uso No para préstamo Código de colección Localización permanente Ubicación/localización actual Ubicación en estantería Fecha de adquisición Número de inventario Total de préstamos Signatura topográfica completa Código de barras Fecha visto por última vez Número de copia Precio válido a partir de Tipo de ítem Koha
        Dominicana de Servicio General General Depósito 15.11.2012 LF1   972.93054 V422n 37678-30 25.06.2020 e. 3 25.06.2020 Libro y Folleto Colección Dominicana de Servicio
      Excluido de préstamo Dominicana de Servicio General General Depósito 04.04.2019 LF1   972.93054 V422n 37678-40 25.06.2020 e. 4 25.06.2020 Libro y Folleto Colección Dominicana de Servicio
      Excluido de préstamo Dominicana de Servicio General General Depósito 04.04.2019 LF1   972.93054 V422n 37678-50 25.06.2020 e. 5 25.06.2020 Libro y Folleto Colección Dominicana de Servicio
      Excluido de préstamo Patrimonio Dominicano Patrimonio Dominicano Patrimonio Dominicano Depósito 15.11.2012 LF1   972.93054 V422n 37678-20 25.06.2020 e. 2 25.06.2020 Libro y Folleto Colección Patrimonio Dominicano
      Excluido de préstamo Patrimonio Dominicano Patrimonio Dominicano Patrimonio Dominicano Depósito 15.11.2012 LF1   972.93054 V422n 37678-10 25.06.2020   25.06.2020 Libro y Folleto Colección Patrimonio Dominicano

Con tecnología Koha